ASSESSMENT of forest resources in six countries

Bibliographic Details
Corporate Author: Food and Agriculture Organization of the United Nations (FAO)
Format: Book
Published: Bangkok : Food and Agriculture Organization of the United Nations , 1987
Subjects:

MARC

LEADER 00000cam a2200000 7i4500
001 0000001765
005 20011116.0
090 0 0 |a FAO 634.9   |b ASS 1987 
245 0 0 |a ASSESSMENT of forest resources in six countries 
260 0 0 |a Bangkok :   |b Food and Agriculture Organization of the United Nations ,   |c 1987 
300 |a vii, 104 p. ;   |c 30 cm. 
500 0 0 |a Specal report on forest management, afforestation and utilization of forest resources in the developing regions - Asia - Pacific region 
650 0 0 |a Forest management 
650 0 0 |a Forests and forestry 
710 1 1 |a Food and Agriculture Organization of the United Nations (FAO) 
998 |a JPSM 
999 |a 0000002800   |b Monograph   |c Open Shelf   |e Default branch